[Event "FIDE Open Sachove Univerzity QCC"]
[Site "Ceske Budejovice"]
[Date "2020.07.10"]
[Round "4.26"]
[White "Karweit, Alex W"]
[Black "Smola, David"]
[Result "1-0"]
[WhiteElo "1579"]
[BlackElo "1649"]
[Annotator "NA RC"]
[PlyCount "91"]
[EventDate "2020.07.01"]
[EventType "swiss"]
[EventCountry "CZE"]
[TimeControl "40/5400+30:1800+30"]

1. Nf3 {[%emt 0:00:00]} d5 {[%emt 0:00:05]} 2. b3 {[%emt 0:00:00]} c5 {[%emt 0:01:36]} 3. e3 {[%emt 0:00:15]} Nc6 {[%emt 0:01:59]} 4. Bb2 {[%emt 0:01:12]} Bg4 {[%emt 0:04:43]} 5. Be2 {[%emt 0:03:04]} e6 {[%emt 0:03:50]} 6. h3 {[%emt 0:01:18]} Bh5 {[%emt 0:02:01]} 7. d4 {[%emt 0:00:37]} Nf6 {[%emt 0:02:24]} 8. Nbd2 {[%emt 0:00:57]} Be7 {[%emt 0:05:33]} 9. O-O {[%emt 0:01:17]} O-O {[%emt 0:00:58]} 10. dxc5 {[%emt 0:04:28]} Bxc5 {[%emt 0:01:48]} 11. Rc1 {[%emt 0:01:49]} Qe7 {[%emt 0:03:33]} 12. Ne5 {[%emt 0:08:17]} Nxe5 {[%emt 0:05:41]} 13. Bxh5 {[%emt 0:04:43]} Nc6 {[%emt 0:05:20]} 14. c4 {[%emt 0:07:36]} Rfd8 {[%emt 0:02:13]} 15. cxd5 {[%emt 0:05:59]} Rxd5 {[%emt 0:06:29]} 16. Bf3 {[%emt 0:02:12]} Rd3 {[%emt 0:08:03]} 17. Bxf6 {[%emt 0:13:39]} Qxf6 {[%emt 0:09:01]} 18. Rxc5 {[%emt 0:05:21]} Rad8 {[%emt 0:01:00]} 19. Ne4 {[%emt 0:01:00]} Qe7 {[%emt 0:04:55]} 20. Qc1 {[%emt 0:05:23]} R3d7 {[%emt 0:06:21]} 21. Qc4 {[%emt 0:09:02]} Rd5 {[%emt 0:03:45]} 22. b4 {[%emt 0:05:42]} Ne5 {[%emt 0:02:39]} 23. Qe2 {[%emt 0:02:01]} f5 {[%emt 0:03:09]} 24. Rxd5 {[%emt 0:00:20]} Rxd5 {[%emt 0:01:13]} 25. Nc5 {[%emt 0:00:31]} Nxf3+ {[%emt 0:01:35]} 26. Qxf3 {[%emt 0:00:15]} b6 {[%emt 0:00:38]} 27. Nb3 {[%emt 0:01:24]} Qxb4 {[%emt 0:00:59]} 28. Rd1 {[%emt 0:00:24]} Rxd1+ {[%emt 0:01:45]} 29. Qxd1 {[%emt 0:00:06]} Qa4 {[%emt 0:00:45]} 30. Qd6 {[%emt 0:01:16]} Kf7 {[%emt 0:01:10]} 31. Qc7+ {[%emt 0:01:06]} Kg8 {[%emt 0:02:44]} 32. Qe5 {[%emt 0:00:41]} Kf7 {[%emt 0:00:55]} 33. Qc7+ {[%emt 0:01:51]} Kg8 {[%emt 0:00:37]} 34. Qd8+ {[%emt 0:00:05]} Kf7 {[%emt 0:00:20]} 35. Qd2 {[%emt 0:00:04]} a5 {[%emt 0:03:31]} 36. Kf1 {[%emt 0:04:50]} Qc6 {[%emt 0:01:24]} 37. Nd4 {[%emt 0:01:46]} Qd5 {[%emt 0:01:15]} 38. Qb2 {[%emt 0:01:11]} Qc5 {[%emt 0:01:58]} 39. Qb5 {[%emt 0:04:06]} Qc7 {[%emt 0:01:03]} 40. Qc6 {[%emt 0:02:11]} Qe7 {[%emt 0:00:27]} 41. Qxb6 {[%emt 0:31:06]} Qd7 {[%emt 0:00:37]} 42. Qc6 {[%emt 0:00:00]} Qe7 {[%emt 0:02:18]} 43. Ke2 {[%emt 0:00:00]} g6 {[%emt 0:05:19]} 44. f3 {[%emt 0:00:00]} e5 {[%emt 0:03:16]} 45. Qd5+ {[%emt 0:00:00]} Kf6 {[%emt 0:03:32]} 46. Nc6 {[%emt 0:00:00]} 1-0

[Event "FIDE Open Sachove Univerzity QCC"]
[Site "Ceske Budejovice"]
[Date "2020.07.04"]
[Round "4.27"]
[White "Zachar, Jaroslav"]
[Black "Policar, Martin"]
[Result "1-0"]
[WhiteElo "1831"]
[BlackElo "1258"]
[Annotator "NA"]
[PlyCount "61"]
[EventDate "2020.07.01"]
[EventType "swiss"]
[EventCountry "CZE"]
[SourceTitle "playchess.com"]
[Source "ChessBase"]
[SourceQuality "1"]
[TimeControl "40/5400+30:1800+30"]

1. d4 {[%emt 0:00:52]} d5 {[%emt 0:00:00]} 2. e3 {[%emt 0:00:33]} e6 {[%emt 0:02:00]} 3. c4 {[%emt 0:00:27]} c5 {[%emt 0:00:40]} 4. Nc3 {[%emt 0:00:12]} Nf6 {[%emt 0:01:50]} 5. Nf3 {[%emt 0:00:44]} Nc6 {[%emt 0:01:24]} 6. Ne5 {[%emt 0:03:21]} cxd4 {[%emt 0:11:23] D40: Queen's Gambit Declined: Semi-Tarrasch with 5 e3.} 7. exd4 {[%emt 0:04:59]} Bd6 {[%emt 0:05:56]} 8. Nxc6 {[%emt 0:08:53]} bxc6 {[%emt 0:02:09] [#]} 9. Qa4 $146 {[%emt 0:01:30]} ({Predecessor:} 9. Be2 h6 10. O-O O-O 11. Be3 dxc4 12. Bxc4 Nd5 13. Qh5 Rb8 14. Bb3 f5 15. Rad1 {½-½ (24) Stanec,N (2505)-Lehner,O (2320) Austria 1996}) 9... Bd7 {[%emt 0:02:52]} 10. c5 {[%emt 0:05:49]} Bc7 {[%emt 0:01:53]} 11. f4 {[%emt 0:01:37]} O-O {[%emt 0:05:55]} 12. Ba6 {[%emt 0:05:10]} Ng4 {[%emt 0:06:53]} 13. g3 {[%emt 0:07:43]} f6 {[%emt 0:02:38]} (13... Qe7 $15 14. O-O Rfb8) 14. Bb7 {[%emt 0:02:13]} Rb8 {[%emt 0:01:12]} 15. Bxc6 {[%emt 0:00:18]} Bxc6 {[%emt 0:00:14]} 16. Qxc6 {[%emt 0:00:07]} Qe7 {[%emt 0:01:33]} 17. O-O {[%emt 0:00:34]} Rbd8 {[%emt 0:01:49]} 18. Bd2 {[%emt 0:02:54]} Ba5 {[%emt 0:04:13]} 19. Rae1 {[%emt 0:09:00]} Bxc3 {[%emt 0:01:41]} 20. Bxc3 {[%emt 0:01:10]} e5 {[%emt 0:01:23]} 21. Ba5 {[%emt 0:04:26]} Rd7 $18 {[%emt 0:04:57]} (21... Qe8 $142 22. Qxe8 Rdxe8) 22. fxe5 {[%emt 0:07:56]} fxe5 {[%emt 0:00:26]} 23. Rxf8+ {[%emt 0:00:15]} Qxf8 {[%emt 0:00:15]} 24. Qe6+ {[%emt 0:00:48]} Rf7 {[%emt 0:00:33]} 25. Qxg4 {[%emt 0:00:23]} Rf2 {[%emt 0:00:35]} 26. Qe6+ {[%emt 0:00:27]} Kh8 {[%emt 0:00:34]} 27. Qxe5 {[%emt 0:00:51]} Rxb2 {[%emt 0:00:32]} 28. Qe8 {[%emt 0:00:55]} Rf2 {[%emt 0:01:04]} 29. Qxf8+ {[%emt 0:00:12]} Rxf8 {[%emt 0:00:21]} 30. c6 {[%emt 0:00:15]} h6 {[%emt 0:00:19]} 31. Re5 {[%emt 0:00:18]} 1-0

[Event "FIDE Open Sachove Univerzity QCC"]
[Site "Ceske Budejovice"]
[Date "2020.07.04"]
[Round "4.28"]
[White "Frnoch, Vojtech"]
[Black "Jilek, Pavel"]
[Result "1-0"]
[WhiteElo "1597"]
[BlackElo "1234"]
[Annotator "NA"]
[PlyCount "107"]
[EventDate "2020.07.01"]
[EventType "swiss"]
[EventCountry "CZE"]
[SourceTitle "playchess.com"]
[Source "ChessBase"]
[SourceQuality "1"]
[TimeControl "40/5400+30:1800+30"]

1. e4 {[%emt 0:00:00]} e5 {[%emt 0:00:17]} 2. Bc4 {[%emt 0:00:04]} c6 {[%emt 0:01:43]} 3. d4 {[%emt 0:02:13]} d5 {[%emt 0:01:26]} 4. exd5 {[%emt 0:00:19]} cxd5 {[%emt 0:00:27]} 5. Bb5+ {[%emt 0:00:58]} Bd7 {[%emt 0:01:06]} 6. Bxd7+ {[%emt 0:00:24]} Nxd7 {[%emt 0:00:43]} 7. dxe5 {[%emt 0:01:39]} Nxe5 {[%emt 0:01:05]} 8. Qe2 {[%emt 0:05:16]} Bd6 {[%emt 0:03:51]} 9. f4 {[%emt 0:01:16]} Qh4+ {[%emt 0:14:10]} 10. g3 {[%emt 0:00:23]} Qg4 {[%emt 0:00:34]} 11. fxe5 {[%emt 0:01:31]} Qxe2+ {[%emt 0:01:12]} 12. Nxe2 {[%emt 0:00:50]} Bxe5 {[%emt 0:00:25]} 13. O-O {[%emt 0:00:32]} Ne7 {[%emt 0:02:58]} 14. c3 {[%emt 0:01:30]} f6 {[%emt 0:03:31]} 15. Bf4 {[%emt 0:00:35]} Nc6 {[%emt 0:05:13]} 16. Nd2 {[%emt 0:00:50]} O-O-O {[%emt 0:01:26]} 17. Nb3 {[%emt 0:01:14]} Rhe8 {[%emt 0:03:47]} 18. Ned4 {[%emt 0:01:15]} g5 {[%emt 0:08:58]} 19. Bxe5 {[%emt 0:01:16]} Nxe5 {[%emt 0:03:24]} 20. Rxf6 {[%emt 0:02:09]} g4 {[%emt 0:02:17]} 21. Raf1 {[%emt 0:06:26]} Nd3 {[%emt 0:06:32]} 22. Nb5 {[%emt 0:02:16]} Re1 {[%emt 0:04:03]} 23. Rxe1 {[%emt 0:02:28]} Nxe1 {[%emt 0:00:38]} 24. N5d4 {[%emt 0:04:33]} Nd3 {[%emt 0:01:18]} 25. Ne6 {[%emt 0:03:10]} Re8 {[%emt 0:02:27]} 26. Nbc5 {[%emt 0:04:06]} Ne5 {[%emt 0:03:20]} 27. Rh6 {[%emt 0:01:25]} Re7 {[%emt 0:03:43]} 28. Nf4 {[%emt 0:03:37]} Nf3+ {[%emt 0:02:25]} 29. Kf2 {[%emt 0:00:18]} Ng5 {[%emt 0:11:30]} 30. Nxd5 {[%emt 0:09:23]} Rf7+ {[%emt 0:04:08]} 31. Rf6 {[%emt 0:00:43]} Nh3+ {[%emt 0:03:23]} 32. Kf1 {[%emt 0:00:30]} Rxf6+ {[%emt 0:01:36]} 33. Nxf6 {[%emt 0:00:00]} b6 {[%emt 0:00:50]} 34. Nce4 {[%emt 0:00:02]} h6 {[%emt 0:00:27]} 35. Nxg4 {[%emt 0:00:37]} h5 {[%emt 0:01:03]} 36. Ngf6 {[%emt 0:00:36]} h4 {[%emt 0:00:22]} 37. gxh4 {[%emt 0:00:23]} Nf4 {[%emt 0:00:10]} 38. h5 {[%emt 0:00:25]} Kd8 {[%emt 0:00:16]} 39. h6 {[%emt 0:02:01]} Ng6 {[%emt 0:00:52]} 40. h7 {[%emt 0:00:18]} Ke7 {[%emt 0:00:07]} 41. h4 {[%emt 0:30:25]} Kf7 {[%emt 0:30:33]} 42. h5 {[%emt 0:01:42]} Nh8 {[%emt 0:00:28]} 43. Ke2 {[%emt 0:00:31]} Kg7 {[%emt 0:00:12]} 44. Kd3 {[%emt 0:00:29]} Nf7 {[%emt 0:00:26]} 45. Kd4 {[%emt 0:00:25]} Nd8 {[%emt 0:00:52]} 46. Kd5 {[%emt 0:00:57]} Kh8 {[%emt 0:00:47]} 47. Ke5 {[%emt 0:02:31]} Nf7+ {[%emt 0:01:03]} 48. Kf5 {[%emt 0:00:24]} Nh6+ {[%emt 0:00:52]} 49. Kg6 {[%emt 0:00:25]} Nf7 {[%emt 0:00:16]} 50. Kxf7 {[%emt 0:00:49]} b5 {[%emt 0:00:39]} 51. Nf2 {[%emt 0:02:18]} b4 {[%emt 0:00:20]} 52. Nh3 {[%emt 0:02:11]} bxc3 {[%emt 0:00:34]} 53. bxc3 {[%emt 0:00:02]} a5 {[%emt 0:00:33]} 54. Nf4 {[%emt 0:00:31]} 1-0

[Event "FIDE Open Sachove Univerzity QCC"]
[Site "Ceske Budejovice"]
[Date "2020.07.04"]
[Round "4.29"]
[White "Gorej, Jan"]
[Black "Chmelik, Benedikt"]
[Result "0-1"]
[WhiteElo "1247"]
[BlackElo "1571"]
[Annotator "NA"]
[PlyCount "50"]
[EventDate "2020.07.01"]
[EventType "swiss"]
[EventCountry "CZE"]
[SourceTitle "playchess.com"]
[Source "ChessBase"]
[SourceQuality "1"]
[TimeControl "40/5400+30:1800+30"]

1. d4 {[%emt 0:07:18]} Nf6 {[%emt 0:00:00]} 2. c4 {[%emt 0:00:23]} g6 {[%emt 0:00:00]} 3. Nc3 {[%emt 0:00:13]} Bg7 {[%emt 0:00:00]} 4. Nf3 {[%emt 0:00:24]} d6 {[%emt 0:00:00]} 5. Bf4 {[%emt 0:01:22]} O-O {[%emt 0:00:09]} 6. e4 {[%emt 0:01:08]} Nbd7 {[%emt 0:00:11]} 7. Bd3 {[%emt 0:04:03]} c5 {[%emt 0:03:12]} 8. Qd2 {[%emt 0:02:30]} cxd4 {[%emt 0:00:47]} 9. Nd5 {[%emt 0:02:47]} e5 {[%emt 0:03:30]} 10. Nxf6+ {[%emt 0:01:50]} Bxf6 {[%emt 0:02:30]} 11. Bh6 {[%emt 0:03:19]} Re8 {[%emt 0:00:30]} 12. O-O-O {[%emt 0:02:12]} Nc5 {[%emt 0:00:26]} 13. Bc2 {[%emt 0:01:50]} Bg4 {[%emt 0:00:29]} 14. Rdg1 {[%emt 0:02:15]} b5 {[%emt 0:01:09]} 15. b4 {[%emt 0:07:01]} Nd7 {[%emt 0:00:40]} 16. cxb5 {[%emt 0:04:44]} Qb6 {[%emt 0:00:15]} 17. a4 {[%emt 0:02:39]} a5 {[%emt 0:00:45]} 18. h4 {[%emt 0:02:12]} axb4 {[%emt 0:00:44]} 19. Ng5 {[%emt 0:12:28]} Qc5 {[%emt 0:02:46]} 20. Kb1 {[%emt 0:12:07]} Qc3 {[%emt 0:00:36]} 21. Qxc3 {[%emt 0:02:39]} bxc3 {[%emt 0:00:10]} 22. Bb3 {[%emt 0:01:18]} Be6 {[%emt 0:00:11]} 23. Kc2 {[%emt 0:02:50]} Bxb3+ {[%emt 0:00:29]} 24. Kxb3 {[%emt 0:00:13]} Nc5+ {[%emt 0:00:07]} 25. Ka3 {[%emt 0:00:40]} Rxa4# {[%emt 0:00:25]} 0-1

[Event "FIDE Open Sachove Univerzity QCC"]
[Site "Ceske Budejovice"]
[Date "2020.07.09"]
[Round "5.1"]
[White "Svanda, Adam"]
[Black "Titera, Libor"]
[Result "1/2-1/2"]
[WhiteElo "1870"]
[BlackElo "1843"]
[Annotator "NA"]
[PlyCount "38"]
[EventDate "2020.07.01"]
[EventType "swiss"]
[EventCountry "CZE"]
[TimeControl "40/5400+30:1800+30"]

1. c4 {[%emt 0:00:00]} e6 {[%emt 0:00:00]} 2. Nf3 {[%emt 0:00:29]} f5 {[%emt 0:02:43]} 3. g3 {[%emt 0:01:53]} Nf6 {[%emt 0:00:10]} 4. Bg2 {[%emt 0:00:13]} c6 {[%emt 0:00:07]} 5. d4 {[%emt 0:05:09]} d5 {[%emt 0:00:10]} 6. Nbd2 {[%emt 0:00:48]} Bd6 {[%emt 0:01:39]} 7. b3 {[%emt 0:00:58]} O-O {[%emt 0:00:43]} 8. Bb2 {[%emt 0:01:27]} Ne4 {[%emt 0:02:36]} 9. Ne5 {[%emt 0:02:05]} Bb4 {[%emt 0:03:14]} 10. Nef3 {[%emt 0:00:50]} Nd7 {[%emt 0:07:36]} 11. O-O {[%emt 0:02:02]} Ndf6 {[%emt 0:02:16]} 12. e3 {[%emt 0:01:48]} Bd7 {[%emt 0:02:50]} 13. a3 {[%emt 0:02:29]} Nxd2 {[%emt 0:01:42]} 14. Nxd2 {[%emt 0:00:16]} Bd6 {[%emt 0:01:38]} 15. f4 {[%emt 0:01:40]} Be8 {[%emt 0:01:54]} 16. Bc3 {[%emt 0:03:44]} h5 {[%emt 0:06:18]} 17. Nf3 {[%emt 0:03:59]} Ne4 {[%emt 0:04:12]} 18. Be1 {[%emt 0:02:08]} Be7 {[%emt 0:03:15]} 19. h4 {[%emt 0:00:34]} Rf6 {[%emt 0:07:11]} 1/2-1/2

[Event "FIDE Open Sachove Univerzity QCC"]
[Site "Ceske Budejovice"]
[Date "2020.07.05"]
[Round "5.1"]
[White "Trcka, Bohdan"]
[Black "Bara, Jan"]
[Result "1-0"]
[WhiteElo "1528"]
[BlackElo "1128"]
[Annotator "NA"]
[PlyCount "91"]
[EventDate "2020.07.01"]
[EventType "swiss"]
[EventCountry "CZE"]
[SourceTitle "playchess.com"]
[Source "ChessBase"]
[SourceQuality "1"]
[TimeControl "40/5400+30:1800+30"]

1. e4 {[%emt 0:20:43]} e6 {[%emt 0:00:00]} 2. f4 {[%emt 0:00:07]} c5 {[%emt 0:01:09]} 3. Be2 {[%emt 0:00:06]} Nc6 {[%emt 0:00:39]} 4. c3 {[%emt 0:00:02]} d5 {[%emt 0:00:58]} 5. e5 {[%emt 0:00:07]} Nge7 {[%emt 0:00:20]} 6. d3 {[%emt 0:00:27]} Ng6 {[%emt 0:01:17]} 7. g3 {[%emt 0:00:29]} b6 {[%emt 0:01:03]} 8. h4 {[%emt 0:00:08]} Bb7 {[%emt 0:01:09]} 9. h5 {[%emt 0:00:16]} Nge7 {[%emt 0:00:11]} 10. Bf3 {[%emt 0:00:11]} Nf5 {[%emt 0:00:25]} 11. g4 {[%emt 0:00:34]} Nh4 {[%emt 0:02:55]} 12. Na3 {[%emt 0:02:13]} a6 {[%emt 0:03:51]} 13. Nc2 {[%emt 0:00:23]} d4 {[%emt 0:00:24]} 14. Be4 {[%emt 0:00:43]} f5 {[%emt 0:05:22]} 15. exf6 {[%emt 0:00:15]} Qxf6 {[%emt 0:14:47]} 16. g5 {[%emt 0:00:15]} Qf7 {[%emt 0:00:49]} 17. Rxh4 {[%emt 0:00:11]} Bd6 {[%emt 0:01:10]} 18. Nh3 {[%emt 0:00:22]} O-O-O {[%emt 0:05:22]} 19. Bxh7 {[%emt 0:00:31]} Ne7 {[%emt 0:00:29]} 20. g6 {[%emt 0:00:19]} Qf6 {[%emt 0:00:23]} 21. Ng5 {[%emt 0:00:11]} dxc3 22. b3 {[%emt 0:00:23]} e5 {[%emt 0:02:30]} 23. Qg4+ {[%emt 0:00:15]} Rd7 {[%emt 0:01:25]} 24. Qe6 {[%emt 0:00:37]} exf4 {[%emt 0:03:32]} 25. Qxf6 {[%emt 0:00:25]} gxf6 {[%emt 0:00:10]} 26. g7 {[%emt 0:00:10]} Re8 {[%emt 0:00:23]} 27. Ne4 {[%emt 0:01:10]} Bxe4 {[%emt 0:01:12]} 28. dxe4 {[%emt 0:00:10]} f3 {[%emt 0:01:04]} 29. Kf2 {[%emt 0:00:20]} Ng8 {[%emt 0:00:53]} 30. h6 {[%emt 0:00:20]} Ne7 {[%emt 0:13:39]} 31. Kxf3 {[%emt 0:00:24]} Rdd8 {[%emt 0:04:54]} 32. Ne3 {[%emt 0:00:18]} Be5 {[%emt 0:00:25]} 33. Bf5+ {[%emt 0:01:12]} Nxf5 {[%emt 0:00:26]} 34. exf5 {[%emt 0:00:04]} c2 {[%emt 0:03:32]} 35. Nxc2 {[%emt 0:00:03]} Bxa1 {[%emt 0:00:29]} 36. Nxa1 {[%emt 0:00:00]} Rd7 {[%emt 0:00:49]} 37. h7 {[%emt 0:00:21]} Rxg7 {[%emt 0:00:26]} 38. h8=Q {[%emt 0:00:07]} Rxh8 {[%emt 0:00:13]} 39. Rxh8+ {[%emt 0:00:02]} Kb7 {[%emt 0:00:03]} 40. Rf8 {[%emt 0:00:14]} Rg1 {[%emt 0:00:16]} 41. Bb2 {[%emt 0:30:13]} Rf1+ {[%emt 0:30:42]} 42. Ke4 {[%emt 0:00:14]} Rf2 {[%emt 0:00:21]} 43. Bxf6 {[%emt 0:00:08]} Rxa2 {[%emt 0:00:12]} 44. Be5 {[%emt 0:00:38]} Re2+ {[%emt 0:01:05]} 45. Kd5 {[%emt 0:00:09]} Rd2+ {[%emt 0:00:07]} 46. Ke6 {[%emt 0:00:08]} 1-0

[Event "FIDE Open Sachove Univerzity QCC"]
[Site "Ceske Budejovice"]
[Date "2020.07.10"]
[Round "5.2"]
[White "Petkov, Andon"]
[Black "Svetly, Jiri"]
[Result "1/2-1/2"]
[WhiteElo "1776"]
[BlackElo "1835"]
[Annotator "NA RC"]
[PlyCount "95"]
[EventDate "2020.07.01"]
[EventType "swiss"]
[EventCountry "CZE"]
[TimeControl "40/5400+30:1800+30"]

1. b3 {[%emt 0:01:06]} d5 {[%emt 0:00:26]} 2. Bb2 {[%emt 0:00:06]} c5 {[%emt 0:02:09]} 3. e3 {[%emt 0:00:14]} Nc6 {[%emt 0:01:41]} 4. Nf3 {[%emt 0:01:01]} f6 {[%emt 0:01:29]} 5. d4 {[%emt 0:00:41]} cxd4 {[%emt 0:00:24]} 6. exd4 {[%emt 0:00:20]} Bg4 {[%emt 0:00:18]} 7. Be2 {[%emt 0:01:15]} e6 {[%emt 0:04:52]} 8. Nbd2 {[%emt 0:00:40]} Bb4 {[%emt 0:01:18]} 9. c3 {[%emt 0:00:13]} Bd6 {[%emt 0:00:18]} 10. Nf1 {[%emt 0:04:23]} f5 {[%emt 0:07:29]} 11. Ne3 {[%emt 0:02:40]} Bh5 {[%emt 0:00:25]} 12. Nc2 {[%emt 0:07:00]} Bxf3 {[%emt 0:06:47]} 13. Bxf3 {[%emt 0:01:52]} Nf6 {[%emt 0:00:06]} 14. Qe2 {[%emt 0:09:17]} Ne4 {[%emt 0:11:22]} 15. O-O-O {[%emt 0:08:12]} O-O {[%emt 0:10:27]} 16. g3 {[%emt 0:02:39]} Qa5 {[%emt 0:01:58]} 17. Bxe4 {[%emt 0:07:03]} fxe4 {[%emt 0:00:52]} 18. Kb1 {[%emt 0:00:52]} b5 {[%emt 0:01:26]} 19. Rhf1 {[%emt 0:01:18]} Rf3 {[%emt 0:02:33]} 20. Ne1 {[%emt 0:06:10]} Rf6 {[%emt 0:00:53]} 21. Nc2 {[%emt 0:02:15]} Raf8 {[%emt 0:01:00]} 22. Ne3 {[%emt 0:01:09]} Rf3 {[%emt 0:01:21]} 23. Rc1 {[%emt 0:02:46]} Ba3 {[%emt 0:04:28]} 24. Bxa3 {[%emt 0:09:55]} Qxa3 {[%emt 0:00:09]} 25. Qxb5 {[%emt 0:00:08]} Rxf2 {[%emt 0:00:51]} 26. Rxf2 {[%emt 0:00:11]} Rxf2 {[%emt 0:00:17]} 27. Rc2 {[%emt 0:00:12]} Rxc2 {[%emt 0:00:33]} 28. Nxc2 {[%emt 0:00:14]} Qd6 {[%emt 0:00:13]} 29. Ne3 {[%emt 0:01:14]} Kf7 {[%emt 0:02:44]} 30. Kb2 {[%emt 0:02:30]} h5 {[%emt 0:02:43]} 31. b4 {[%emt 0:01:55]} g5 {[%emt 0:01:33]} 32. Kb3 {[%emt 0:02:06]} a6 {[%emt 0:03:19]} 33. Qb6 {[%emt 0:03:43]} Ke7 {[%emt 0:03:57]} 34. a4 {[%emt 0:04:06]} Nb8 {[%emt 0:00:34]} 35. Qxd6+ {[%emt 0:01:28]} Kxd6 {[%emt 0:00:10]} 36. c4 {[%emt 0:00:06]} dxc4+ {[%emt 0:13:59]} 37. Nxc4+ {[%emt 0:04:12]} Kc6 {[%emt 0:01:40]} 38. Ne5+ {[%emt 0:02:27]} Kd5 {[%emt 0:01:00]} 39. Kc3 {[%emt 0:00:09]} Nc6 {[%emt 0:02:23]} 40. Nxc6 {[%emt 0:03:21]} Kxc6 {[%emt 0:00:11]} 41. h3 {[%emt 0:35:22]} g4 {[%emt 0:11:17]} 42. h4 {[%emt 0:00:00]} Kd5 {[%emt 0:03:52]} 43. b5 {[%emt 0:00:00]} axb5 {[%emt 0:05:29]} 44. axb5 {[%emt 0:00:00]} Kd6 {[%emt 0:05:15]} 45. Kd2 {[%emt 0:00:00]} Kc7 {[%emt 0:00:06]} 46. Ke3 {[%emt 0:00:00]} Kb6 {[%emt 0:00:09]} 47. Kxe4 {[%emt 0:00:00]} Kxb5 {[%emt 0:00:10]} 48. d5 {[%emt 0:00:00]} 1/2-1/2

[Event "FIDE Open Sachove Univerzity QCC"]
[Site "Ceske Budejovice"]
[Date "2020.07.05"]
[Round "5.2"]
[White "Stavova, Marketa"]
[Black "Zezula, Jakub"]
[Result "0-1"]
[WhiteElo "1219"]
[BlackElo "1449"]
[Annotator "NA"]
[PlyCount "100"]
[EventDate "2020.07.01"]
[EventType "swiss"]
[EventCountry "CZE"]
[SourceTitle "playchess.com"]
[Source "ChessBase"]
[SourceQuality "1"]
[TimeControl "40/5400+30:1800+30"]

1. e4 {[%emt 0:00:00]} d5 {[%emt 0:00:00]} 2. exd5 {[%emt 0:00:05]} Qxd5 {[%emt 0:00:00]} 3. d4 {[%emt 0:00:21]} c6 {[%emt 0:00:05]} 4. Nc3 {[%emt 0:00:26]} Qd6 {[%emt 0:00:18]} 5. Nf3 {[%emt 0:00:51]} Nf6 {[%emt 0:00:31]} 6. Bg5 {[%emt 0:01:11]} Bg4 {[%emt 0:00:47]} 7. Be2 {[%emt 0:01:47]} Nbd7 {[%emt 0:00:35]} 8. Qd2 {[%emt 0:01:26]} e6 {[%emt 0:00:21]} 9. Bf4 {[%emt 0:01:31]} Qb4 {[%emt 0:00:47]} 10. O-O-O {[%emt 0:02:02]} Be7 {[%emt 0:01:37]} 11. h3 {[%emt 0:01:14]} Bh5 {[%emt 0:01:18]} 12. g4 {[%emt 0:01:18]} Bg6 {[%emt 0:00:06]} 13. Rdg1 {[%emt 0:02:48]} Qa5 {[%emt 0:06:41]} 14. h4 {[%emt 0:03:09]} Bb4 {[%emt 0:05:07]} 15. h5 {[%emt 0:03:58]} Be4 {[%emt 0:02:03]} 16. a3 {[%emt 0:01:04]} Bxc3 {[%emt 0:04:18]} 17. Qxc3 {[%emt 0:00:31]} Qxc3 {[%emt 0:00:42]} 18. bxc3 {[%emt 0:00:50]} Nd5 {[%emt 0:00:40]} 19. Bd2 {[%emt 0:00:57]} b5 {[%emt 0:00:57]} 20. Rh3 {[%emt 0:01:44]} Bxf3 {[%emt 0:05:43]} 21. Rxf3 {[%emt 0:02:44]} N7b6 {[%emt 0:01:21]} 22. Bd3 {[%emt 0:05:04]} Nc4 {[%emt 0:02:36]} 23. Bxc4 {[%emt 0:01:57]} bxc4 {[%emt 0:00:06]} 24. g5 {[%emt 0:01:14]} Rb8 {[%emt 0:01:24]} 25. g6 {[%emt 0:01:24]} hxg6 {[%emt 0:01:09]} 26. hxg6 {[%emt 0:02:46]} f6 {[%emt 0:03:23]} 27. Re1 {[%emt 0:01:52]} Kd7 {[%emt 0:01:02]} 28. Rg3 {[%emt 0:01:33]} Rh2 {[%emt 0:03:01]} 29. f3 {[%emt 0:01:40]} Rb6 {[%emt 0:03:13]} 30. Rf1 {[%emt 0:05:56]} Ra6 {[%emt 0:02:46]} 31. Be1 {[%emt 0:05:10]} Rxa3 {[%emt 0:01:07]} 32. Kb2 {[%emt 0:00:58]} Ra6 {[%emt 0:00:34]} 33. f4 {[%emt 0:01:15]} Rb6+ {[%emt 0:01:13]} 34. Kc1 {[%emt 0:00:52]} Ne7 {[%emt 0:00:33]} 35. Bd2 {[%emt 0:01:00]} a5 {[%emt 0:00:44]} 36. Be3 {[%emt 0:02:12]} Rb5 {[%emt 0:00:43]} 37. Bf2 {[%emt 0:02:04]} a4 {[%emt 0:01:16]} 38. Kd2 {[%emt 0:00:45]} a3 {[%emt 0:00:38]} 39. Rgg1 {[%emt 0:01:12]} a2 {[%emt 0:02:20]} 40. Ke2 {[%emt 0:03:07]} Rb2 {[%emt 0:01:19]} 41. Kf3 {[%emt 0:30:37]} Rxc2 {[%emt 0:30:45]} 42. Kg3 {[%emt 0:01:33]} Rh6 {[%emt 0:01:27]} 43. Ra1 {[%emt 0:02:08]} Nf5+ {[%emt 0:02:24]} 44. Kf3 {[%emt 0:00:59]} Rxc3+ {[%emt 0:00:11]} 45. Ke2 {[%emt 0:01:39]} Rc2+ {[%emt 0:00:54]} 46. Ke1 {[%emt 0:00:42]} Rb2 {[%emt 0:00:28]} 47. Rf1 {[%emt 0:01:35]} Rh2 {[%emt 0:01:45]} 48. Rg1 {[%emt 0:01:06]} Rhxf2 {[%emt 0:01:15]} 49. Rc1 {[%emt 0:01:04]} Rbe2+ {[%emt 0:00:25]} 50. Kd1 {[%emt 0:00:17]} Ne3# {[%emt 0:00:06]} 0-1